Welcome to CU Library Online Public Access Catalogue (OPAC)

Human Arrangements: (Record no. 3051)

MARC details
000 -LEADER
fixed length control field 00510nam a22001697a 4500
005 - DATE AND TIME OF LATEST TRANSACTION
control field 20250124193334.0
008 - FIXED-LENGTH DATA ELEMENTS--GENERAL INFORMATION
fixed length control field 250124b |||||||| |||| 00| 0 eng d
020 ## - INTERNATIONAL STANDARD BOOK NUMBER
International Standard Book Number 9780697281142
050 ## - LIBRARY OF CONGRESS CALL NUMBER
Classification number HM51 JOH
100 ## - MAIN ENTRY--PERSONAL NAME
Personal name Johnson Allan G.
245 ## - TITLE STATEMENT
Title Human Arrangements:
Remainder of title An introduction to sociology/
Statement of responsibility, etc. Allan G. Johnson
250 ## - EDITION STATEMENT
Edition statement 4th Ed.
260 ## - PUBLICATION, DISTRIBUTION, ETC.
Place of publication, distribution, etc. Madison
Name of publisher, distributor, etc. Brown & Benchmark Publishers
Date of publication, distribution, etc. 1996
300 ## - PHYSICAL DESCRIPTION
Extent xvi. 510p.
Other physical details ill. col.
Dimensions 27.5 cm x 22 cm
650 ## - SUBJECT ADDED ENTRY--TOPICAL TERM
Source of heading or term Sociology
942 ## - ADDED ENTRY ELEMENTS (KOHA)
Source of classification or shelving scheme Library of Congress Classification
Koha item type Books
Edition 4th Ed.
Suppress in OPAC No
999 ## -
-- 3051
-- 3051
Holdings
Withdrawn status Lost status Source of classification or shelving scheme Damaged status Not for loan Collection Home library Current library Shelving location Date acquired Total checkouts Full call number Barcode Date last seen Copy number Price effective from Koha item type
    Library of Congress Classification     Non-fiction Business Library (Miotso) Business Library (Miotso) General stacks 01/22/2025   HM51 JOH BSSM00000658 01/24/2025 1 01/22/2025 Books
© 2023-2024 Copyright: Central University Libraries. All Rights Reserved | Created by: Mahone Tech Office